000 00319nam a22001457a 4500
008 221006b ||||| |||| 00| 0 eng d
020 _a0673994848
041 _aeng
080 _a573
082 _a573 TOR
100 _a16.1
101 _aBIO
245 _aATLAS OF THE HUMAN SKELETON
_cTORTORA G
942 _2udc
_cBK
999 _c58398
_d58398